000 00428nam a2200169 a 4500
001 0000-9037
003 ELIB.Books
008 110520 1980
035 _a(ELIB.Books)0000-9186
082 _a221.7
_bHar
100 _aHarrison, R. K.
245 _aTyndale (Leviticus)
260 _bDowners Grove: Inter Varsity Press
_c1980
650 _aCommentaries
942 _2ddc
_cBK
998 _cbat
_e2011-05-20
999 _c9037
_d9037